| 000 | 00409nam a2200169Ia 4500 | ||
|---|---|---|---|
| 008 | 230524s9999 xx 000 0 und d | ||
| 082 |
_a612 _bZAR |
||
| 100 |
_aR.K.Zargar _923692 |
||
| 245 | 0 | _aAnatomy for Dental Students | |
| 250 | _a1ST | ||
| 260 |
_aNEW DELHI _bCBS _c2006 |
||
| 300 | _aX;518 | ||
| 500 | _aQuantity Number: 1 | ||
| 650 | _aBiomedical | ||
| 700 |
_a Sushil Kumar _923693 |
||
| 942 | _cBK | ||
| 999 |
_c35238 _d35238 |
||